• 首页
  • 本馆介绍
  • 公告通知
  • 最新文献
  • 馆藏检索
  • 电子资源
  • 读者导购
  • 参考咨询
  • 我的图书馆
  • 登录
  • 详细信息显示
  • 放入我的书架
  • 预约/预借图书
  • 作者相关作品
  • 分类相关作品
  • 丛书相关作品
  • 出版社相关作品

书目信息

  • 表格格式
  • 工作单格式
  • 卡片格式
题名:
复印技术300题
    
 
作者: 张晓敏 , 杨清汉 编著
分册:  
出版信息: 上海   上海交通大学出版社  1989.01
页数: 173页
开本: 18cm
丛书名:
单 册:
中图分类: TB852.2
科图分类:
主题词: 摄影--机具 , 摄影--设备
电子资源:
ISBN: 7-313-00266-1
000 00626nam0 2200217 45
001 0405210814
005 20040521082129.3
010    @a7-313-00266-1@dCNY1.90
100    @a20040521d1989 km y0chiy0120 ea
101 0  @achi
105    @a z 000yy
200 1  @a复印技术300题@AFu Yin Ji Shu 300 Ti@f张晓敏,杨清汉编著@FZhang Xiao Min,Yang Qing Han Bian Zhu
210    @a上海@c上海交通大学出版社@d1989.01
215    @a173页@d18cm
606 0  @a摄影@x机具
606 0  @a摄影@x设备
690    @aTB852.2@v3
701  0 @a张晓敏@4编著
701  0 @a杨清汉@4编著
801    @aCN@bPftUser@c20040521
905    @f1@b262685@dTB852.2@e38
    
    复印技术300题/张晓敏,杨清汉编著.-上海:上海交通大学出版社,1989.01
    173页;18cm
    
    
    ISBN 7-313-00266-1:CNY1.90
    
●
相关链接 在E读中查询图书 在五车中查询图书 在当当中查询图书 在豆瓣中查询图书


正题名:复印技术300题     索取号:TB852.2/38         预约/预借

序号 登录号 条形码 馆藏地/架位号 状态 备注
1 0262685   001360495   第三借阅区/ [索取号:TB852.2/38] 在馆    
2 0262686   001676573   第二样本阅览室/ [索取号:TB852.2/38] 在馆    
唐山师范学院图书馆 欢迎您!
大连网信软件有限公司© 版权所有